| 000 | 01070nam a22002417a 4500 | ||
|---|---|---|---|
| 999 |
_c332308 _d332308 |
||
| 003 | Nust | ||
| 005 | 20171123104035.0 | ||
| 008 | 170503b xxu||||| |||| 00| 0 eng d | ||
| 020 | _a9789695623732 | ||
| 040 |
_aDLC _bDLC _cRCMS |
||
| 082 |
_a891.439 _bIQB |
||
| 245 |
_aAllama Iqbal: As reported in The police abstract of intelligence, Punjab (1904-1935) _cCompiled & edited by Nadeem Shafiq Malik |
||
| 260 |
_aKarachi _bFiction House _c2015 |
||
| 300 |
_axii, 208 p. _bill: _c24,cm. |
||
| 500 | _aIncludes bibliographical references | ||
| 538 | _iShelf No 13 Row No 4 | ||
| 650 |
_a1. Iqbal, Muhammad Sir, 1877-1938---Sources. 2. Police---Pakistan---Punjab---History---20th Century---Sources. _96727 |
||
| 856 | _3Table of Content Only | ||
| 942 |
_cFIC _2ddc |
||